Business english and communication (Record no. 167595)
[ view plain ]
| 000 -LEADER | |
|---|---|
| fixed length control field | 00428nam a2200157Ia 4500 |
| 008 - FIXED-LENGTH DATA ELEMENTS--GENERAL INFORMATION | |
| fixed length control field | 231217s9999 xx 000 0 und d |
| 041 ## - LANGUAGE CODE | |
| Language code of text/sound track or separate title | English |
| 082 ## - DEWEY DECIMAL CLASSIFICATION NUMBER | |
| Classification number | 651.4 CLA;1 `R' |
| 100 ## - MAIN ENTRY--PERSONAL NAME | |
| Personal name | Clark, Lyn R Zimmer,Kenneth Tinervia, Joseph |
| 245 #0 - TITLE STATEMENT | |
| Title | Business english and communication |
| 250 ## - EDITION STATEMENT | |
| Edition statement | 8th ed. |
| 260 ## - PUBLICATION, DISTRIBUTION, ETC. | |
| Date of publication, distribution, etc. | 1994 |
| Name of publisher, distributor, etc. | Glencoe/McGraw-Hill |
| 300 ## - PHYSICAL DESCRIPTION | |
| Extent | xix+524 |
| 650 ## - SUBJECT ADDED ENTRY--TOPICAL TERM | |
| Topical term or geographic name entry element | Buiness communicationo |
| 942 ## - ADDED ENTRY ELEMENTS (KOHA) | |
| Koha item type | Books |
| Date last seen | Total checkouts | Full call number | Accession number | Cost, total (INR) price | Price effective from | Category | Lost status | Damaged status | Department | Withdrawn status | Home library | Current library | Entry date | Vendor | Cost, normal purchase price | Grants | Billnumber | Billdate | Currency symbol | Conversion rate | Discount | Old discount | Date last checked out | Date due |
|---|---|---|---|---|---|---|---|---|---|---|---|---|---|---|---|---|---|---|---|---|---|---|---|---|
| 26/01/2024 | 651.4 CLA;1 `R' | 16959 | 184.36 | 26/01/2024 | Books | Central Library | Central Library | Central Library | 07/02/2001 | Sai Books | 216.90 | MCA | 1087 | 22/12/2003 | RS | 1 | 32.54 | 15 | ||||||
| 01/04/2024 | 1 | 651.4 CLA;3 `R' | 16961 | 184.36 | 26/01/2024 | Books | Central Library | Central Library | Central Library | 07/02/2001 | Sai Books | 216.90 | MCA | 1087 | 22/12/2003 | RS | 1 | 32.54 | 15 | 01/04/2024 | 23/05/2003 | |||
| 03/09/2025 | 2 | 651.4 CLA;2 `R' | 16960 | 184.36 | 26/01/2024 | Books | Central Library | Central Library | RFID Kiosk | 07/02/2001 | Sai Books | 216.90 | MCA | 1087 | 22/12/2003 | RS | 1 | 32.54 | 15 | 02/09/2025 |
